| 000 | 01246 a2200241 4500 | ||
|---|---|---|---|
| 003 | Nust | ||
| 005 | 20230306112031.0 | ||
| 010 | _a 94022731 | ||
| 020 | _a0716721740 | ||
| 040 | _cNust | ||
| 082 | 0 | 0 | _a338.5,GAL |
| 100 | 1 |
_aGallini, Nancy Theresa. _9109809 |
|
| 245 | 1 | 0 |
_aProblem solving in micro economics : _ba study guide for Eaton & Eaton, Microeconomics / _cNancy T. Gallini. |
| 246 | 1 | 8 | _aProblem solving in microeconomics |
| 250 | _a3rd ed. | ||
| 260 |
_aEnglewood Cliffs, N.J. : _bPrentice Hall, _cc1995. |
||
| 300 |
_avi, 211 p. : _bill. ; _c26 cm. |
||
| 505 | _aDoing Microeconomic1s (Page-), The Economy And Economics (Page-9), A Theory Of Self-Interest (Page-15), Getting And Spending (Page-27), Vicarious Problem Solving (Page-47), Choice Making Under Imperfect Information (Page-65), The Theory Of The Firm (Page-75), Production And Cost (Page-85), The Theory Of Perfect Competition (Page-107), Monopoly (Page-125), Undifferentiated Oligopoly (Page-139), Inputs Markets And The Allocation Of Resources (Page-161), The Distribution Of Income (Page-185). | ||
| 650 | 0 |
_aMicroeconomics _xProblems, exercises, etc. _9109810 |
|
| 650 | 0 | _aMicroeconomics. | |
| 700 | 1 |
_aEaton, Buford Curtis, _d1943- _9109811 |
|
| 942 |
_2ddc _cBK |
||
| 999 |
_c184534 _d184534 |
||